00651nam a22001937a 4500999001900000005001700019010001500036020002600051035001400077037000900091082000600100100002000106245004100126260005800167270006000225300002100285942002000306952013100326 c185714d18571420220208144830.0 aENG-131462 a9788193944455c251.00 aEN-114994 bDBAD aN aAnand, Jitendra aVerdict of Mahakaal/cJitendra Anand aNoidabJitendra Anand Infratech Private Limitedc2019 a2203, Express Trade Towers-2, Sector-132bNoidae201304 a191p.c22cm(pbk) 2ddccENhNmANA 001040708NFICaAVbAVd2022-02-08eDBAD/PUBg251.00l2m2oN ANApEN-114994r2024-05-09 00:00:00s2024-04-24t1v251.00yEN